| 000 | 02197nam a22003017a 4500 | ||
|---|---|---|---|
| 001 | 114338 | ||
| 003 | DR-UNIBE | ||
| 005 | 20260128151947.0 | ||
| 008 | 260128b2025 dr ||||| |||| 00| 0 spa d | ||
| 020 | _a9789945251425 (volumen 1) | ||
| 020 | _a9789945251418 (volumen 2) | ||
| 040 |
_aBIBLIOTECA UNIBE _cBIBLIOTECA UNIBE _erda |
||
| 041 | _aspa | ||
| 082 | _aRD 801.95 M559o | ||
| 100 | 1 |
_aMerejo Checo, Andrés _9201877 _eautor |
|
| 245 | 1 | 3 |
_aEl oficio de pensar : _bdiálogos filosóficos / _cAndrés Merejo Checo |
| 260 |
_aSanto Domingo : _bArchivo General de la Nación (AGN), _c 2025 |
||
| 300 |
_a2 volúmenes : _bilustraciones |
||
| 490 |
_aArchivo General de la Nación ; _vvolúmenes 543 y 544 |
||
| 505 | _a Tomo 1| Introducción, Kary Alba Rocha Arias | Javier Aguirre | Esteban Anchústegui Igartua | Mabel Marta Artidiello Moreno | Alejandro Arvelo | Ignacio Ayestarán Úriz | Luis O. Brea Franco 125 - Francisco Javier Caballero Harriet | Antonio Campillo | Rafael Capurro | Horacio Cerutti Guldberg | César Cuello Nieto | Domingo de los Santos | Leonardo Díaz | Javier Echeverría | Roberto Feltrero Oreja | Fernando Ferrán | José Ignacio Galparsoro | Iñigo Galzacorta | Luis Garagalza | Román García Fernández | Víctor Gómez Pin | Pablo Guadarrama | | ||
| 505 | _aTomo 2 | Introducción de Kary Alba Rocha Arias | Alberto Hidalgo Tuñón | Vanna Ianni | Daniel Innerarity | Xabier Insausti Ugarriza | Cristina Lasa | José Mármol | Lusitania Martínez | Pablo Mella | Edickson Minaya | Julio Minaya | Rafael Morla | Fidel Munnigh | Dustin Muñoz | Orlando Objío | Julián Pacho | Carlos Rojas Osorio | Alberto Saladino García | Nicanor Ursua Lezaun | Julián Valdés | Daniel Vargas Peña | | ||
| 650 | 7 |
_2lemb _a Filosofía _xEscritos varios _9201885 |
|
| 650 | 7 |
_2lemb _aFilósofos _xCrítica e interpretación _9201886 |
|
| 650 | 7 |
_2lemb _a Filosofía _xCrítica e interpretación _9201887 |
|
| 700 |
_aRocha Arias, Kary Alba _9166060 _eeditor _ecorrector |
||
| 700 |
_aFernández Vásquez, Yahaira _9155947 _ediagramador _ediseñador |
||
| 942 |
_2ddc _cBK |
||
| 999 |
_c114338 _d114338 |
||